|
|
|
|
| LEADER |
00000cam a2200000 c 4500 |
| 001 |
241001412 |
| 003 |
DE-627 |
| 005 |
20260206193535.0 |
| 007 |
tu |
| 008 |
980307s1998 au ||||| m 00| ||ger c |
| 015 |
|
|
|a 98,N11,0073
|2 dnb
|
| 015 |
|
|
|a 98,H07,0053
|2 dnb
|
| 016 |
7 |
|
|a 953004368
|2 DE-101
|
| 020 |
|
|
|a 3702221379
|c : DM 49.50, sfr 47.00, S 360.00 (kart.)
|9 3-7022-2137-9
|
| 035 |
|
|
|a (DE-627)241001412
|
| 035 |
|
|
|a (DE-603)056128509
|
| 035 |
|
|
|a (DE-576)065318366
|
| 035 |
|
|
|a (DE-599)GBV241001412
|
| 035 |
|
|
|a (OCoLC)231713973
|
| 035 |
|
|
|a (OCoLC)39087145
|
| 035 |
|
|
|a (AT-OBV)AC02290294
|
| 040 |
|
|
|a DE-627
|b ger
|c DE-627
|e rakwb
|
| 041 |
|
|
|a ger
|
| 044 |
|
|
|c XA-AT
|c XA-DE
|
| 084 |
|
|
|a 12
|2 sdnb
|
| 084 |
|
|
|a 12
|a 10
|a 14
|2 sdnb
|
| 084 |
|
|
|a 1
|2 ssgn
|
| 084 |
|
|
|a MR 5400
|2 rvk
|0 (DE-625)rvk/123516:
|
| 084 |
|
|
|a BL 1600
|2 rvk
|0 (DE-625)rvk/12002:
|
| 084 |
|
|
|a BF 7990
|2 rvk
|0 (DE-625)rvk/11162:
|
| 084 |
|
|
|a 11.05
|2 bkl
|
| 084 |
|
|
|a 11.62
|2 bkl
|
| 100 |
1 |
|
|a Guggenberger, Wilhelm
|d 1966-
|0 (DE-588)131851969
|0 (DE-627)515804800
|0 (DE-576)178335363
|4 aut
|
| 109 |
|
|
|a Guggenberger, Wilhelm 1966-
|a Guggenberger, W. 1966-
|
| 245 |
1 |
0 |
|a Niklas Luhmanns Systemtheorie
|b eine Herausforderung der christlichen Gesellschaftslehre
|c Wilhelm Guggenberger
|
| 263 |
|
|
|a brosch. : DM 49.50, sfr 47.00, S 360.00
|
| 264 |
|
1 |
|a Innsbruck
|a Wien
|b Tyrolia-Verl.
|c 1998
|
| 300 |
|
|
|a 253 S
|c 23 cm
|
| 336 |
|
|
|a Text
|b txt
|2 rdacontent
|
| 337 |
|
|
|a ohne Hilfsmittel zu benutzen
|b n
|2 rdamedia
|
| 338 |
|
|
|a Band
|b nc
|2 rdacarrier
|
| 490 |
1 |
|
|a Innsbrucker theologische Studien
|v 51
|
| 502 |
|
|
|a Teilw. zugl.: Innsbruck, Univ., Diss., 1996
|
| 583 |
1 |
|
|a Archivierung/Langzeitarchivierung gewährleistet
|f SSG
|x XA-DE-BW
|2 pdager
|5 DE-21
|
| 583 |
1 |
|
|a Archivierung prüfen
|c 20240324
|f DE-4165
|z 1
|2 pdager
|
| 600 |
1 |
7 |
|0 (DE-588)118575147
|0 (DE-627)060244801
|0 (DE-576)16205579X
|a Luhmann, Niklas
|d 1927-1998
|2 gnd
|
| 650 |
0 |
7 |
|0 (DE-588)4058812-9
|0 (DE-627)10614586X
|0 (DE-576)209128011
|a Systemtheorie
|2 gnd
|
| 650 |
0 |
7 |
|0 (DE-588)4121094-3
|0 (DE-627)104451378
|0 (DE-576)20954046X
|a Christliche Sozialethik
|2 gnd
|
| 650 |
|
4 |
|a Luhmann,Niklas
|
| 650 |
|
4 |
|a Gesellschaftsmodell
|
| 650 |
|
4 |
|a Christentum
|
| 650 |
|
4 |
|a Ethische Argumentation
|
| 650 |
|
4 |
|a Literaturverzeichnis/Bibliographie
|
| 650 |
|
4 |
|a Social System
|
| 650 |
|
4 |
|a Christianity
|
| 650 |
|
4 |
|a ethical argumentation
|
| 650 |
|
4 |
|a Bibliography
|
| 655 |
|
7 |
|a Hochschulschrift
|0 (DE-588)4113937-9
|0 (DE-627)105825778
|0 (DE-576)209480580
|2 gnd-content
|
| 689 |
0 |
0 |
|d p
|0 (DE-588)118575147
|0 (DE-627)060244801
|0 (DE-576)16205579X
|a Luhmann, Niklas
|d 1927-1998
|2 gnd
|
| 689 |
0 |
1 |
|d s
|0 (DE-588)4058812-9
|0 (DE-627)10614586X
|0 (DE-576)209128011
|a Systemtheorie
|2 gnd
|
| 689 |
0 |
2 |
|d s
|0 (DE-588)4121094-3
|0 (DE-627)104451378
|0 (DE-576)20954046X
|a Christliche Sozialethik
|2 gnd
|
| 689 |
0 |
|
|5 DE-101
|
| 689 |
1 |
0 |
|d p
|0 (DE-588)118539507
|0 (DE-627)079338933
|0 (DE-576)161119867
|a Girard, René
|d 1923-2015
|2 gnd
|
| 689 |
1 |
|
|5 (DE-627)
|
| 751 |
|
|
|a Innsbruck
|0 (DE-588)4027096-8
|0 (DE-627)106286056
|0 (DE-576)208969195
|4 uvp
|
| 830 |
|
0 |
|a Innsbrucker theologische Studien
|v 51
|9 51
|w (DE-627)130251364
|w (DE-576)015813827
|w (DE-600)552227-4
|7 am
|
| 889 |
|
|
|w (DE-576)519814347
|
| 889 |
|
|
|w (DE-627)1650583613
|
| 935 |
|
|
|a mteo
|a GIRA
|
| 935 |
|
|
|i Blocktest
|
| 936 |
r |
v |
|a MR 5400
|b Formalisierte (Modell-)Theorien, Systemtheorien
|k Soziologie
|k Sozialwissenschaftliche Theorien und Methoden
|k Jüngere soziologische Theorie
|k Formalisierte (Modell-)Theorien, Systemtheorien
|0 (DE-627)1271142074
|0 (DE-625)rvk/123516:
|0 (DE-576)201142074
|
| 936 |
r |
v |
|a BL 1600
|b Methodik der christlichen Gesellschaftslehre
|k Theologie und Religionswissenschaften
|k Christliche Gesellschaftslehre
|k Sammelwerke
|k Methodik der christlichen Gesellschaftslehre
|0 (DE-627)1270726056
|0 (DE-625)rvk/12002:
|0 (DE-576)200726056
|
| 936 |
r |
v |
|a BF 7990
|b Sonstige
|k Theologie und Religionswissenschaften
|k Philosophie
|k Quellen zur Philosophiegeschichte
|k Neueste Zeit (ab ca. 1850)
|k Sonstige
|0 (DE-627)1270663801
|0 (DE-625)rvk/11162:
|0 (DE-576)200663801
|
| 936 |
b |
k |
|a 11.05
|j Religionssoziologie
|0 (DE-627)106404202
|
| 936 |
b |
k |
|a 11.62
|j Christliche Ethik
|x Religionswissenschaft
|0 (DE-627)10640380X
|
| 936 |
s |
n |
|a b100
|2 mzub
|
| 936 |
s |
n |
|a c100
|2 mzub
|
| 936 |
s |
n |
|a m200
|2 mzub
|
| 951 |
|
|
|a BO
|
| ELC |
|
|
|b 1
|
| LOK |
|
|
|0 000 xxxxxcx a22 zn 4500
|
| LOK |
|
|
|0 001 3242719603
|
| LOK |
|
|
|0 003 DE-627
|
| LOK |
|
|
|0 004 241001412
|
| LOK |
|
|
|0 005 20151116135742
|
| LOK |
|
|
|0 008 150728||||||||||||||||ger|||||||
|
| LOK |
|
|
|0 035
|a (DE-21-110)kd58108
|
| LOK |
|
|
|0 040
|a DE-21-110
|c DE-627
|d DE-21-110
|
| LOK |
|
|
|0 689
|a s
|a Systemtheorien
|
| LOK |
|
|
|0 852
|z Kein Bestand am IfK; Nachweis für KrimDok
|
| LOK |
|
|
|0 852
|a DE-21-110
|
| LOK |
|
|
|0 852 1
|9 00
|
| LOK |
|
|
|0 935
|a k110
|
| LOK |
|
|
|0 939
|a 28-07-15
|b l01
|
| ORI |
|
|
|a SA-MARC-krimdoka001.raw
|